000 00980nam a22002777i 4500
005 20210818182233.0
008 190524s2018 ck gr 001 edspa d
020 _a9789585200906
040 _aCOMFC
_bspa
_erda
041 _aspa
100 1 _954591
_aAlzate González, Camilo
_eaut
245 1 3 _aLa escritura y el viento
_cCamilo Alzate González
250 _aPrimera edición
264 0 1 _aPereira
_bSecretaria de Cultura de Pereira
_c2018
300 _a116 páginas
_c21 cm
336 _2rdacontent
_atxt
337 _2rdamedia
_an
338 _2rdacarrier
_anc
490 _952649
_aColección Escritores Pereiranos. Categoría Ensayo
500 _aContiene datos biográficos del autor
500 _aIncluye índice
830 _954297
_aDepósito Legal - Sala de Patrimonio Bibliográfico y Documental de Risaralda
082 0 4 _a864
_bA478e
650 0 _913969
_aEnsayos Colombianos
_ySiglo XXI
942 _2ddc
_h864 A478e
_k864
_mA478e
999 _c15116
_d15116